| 000 | 00897nam a2200181 i 4500 | ||
|---|---|---|---|
| 001 | 166809 | ||
| 003 | ES-MaACL | ||
| 005 | 20250730153549.0 | ||
| 008 | 990426s1892 uy a |||| | spa d | ||
| 110 | 1 |
_aUruguay. _bComisión del IV Centenario del Descubrimiento de América (1482-1882) _9135033 |
|
| 245 | 1 | 0 |
_aMontevideo-Colón _b: número único / _cpublicado por la Comisión del IV Centenario del Descubrimiento de América, 1492-1882. |
| 260 |
_aMontevideo : _b[s.n.], _c1892 ( _fImp. "El Siglo Ilustrado") |
||
| 300 |
_a126, II p. : _bil. col. ; _c45 cm. |
||
| 599 | _aIlustraciones a color y a toda plana. | ||
| 651 | 4 |
_aAmérica española- _xHistoria- _y1492-1600 (Descubrimiento y conquista) _97724 |
|
| 852 |
_aES-MaACL _jR-2532 _z- Enc. hol. conservando cub. original _z. - Dedicatoria ms. de Matías Alonso Criado al Ateneo de Madrid _x Olim: B-7753 |
||
| 999 |
_c166809 _d166809 |
||